Elenca la formazione - Quiz n°219 - Statistics

Statistiche generali
  • Questo quiz è stato fatto 81 volte
  • Il punteggio medio è 10 su 11
Statistiche sulle risposte
Ruolo Nazione Calciatore % Corretto
Difensore Slovacchia Milan Škriniar
100%
Portiere Slovenia Samir Handanovič
100%
Difensore Paesi Bassi Stefan de Vrij
99%
Attaccante Bosnia ed Erzegovina Edin Džeko
97%
Attaccante Argentina Lautaro Martínez
96%
Centrocampista Croazia Marcelo Brozović
96%
Centrocampista Italia Nicolò Barella
93%
Centrocampista Croazia Ivan Perišić
90%
Centrocampista Turchia Hakan Çalhanoğlu
85%
Centrocampista Italia Matteo Darmian
85%
Difensore Italia Danilo D'Ambrosio
66%
Nessun quiz corrispondente trovato
Distribuzione punteggi
Percentuale di utenti per punteggio
Percentile per numero di risposta
I tuoi punteggi nel tempo
Non hai fatto questo quiz